Jeux vidéos - Personnages féminins - Statistiques

Statistiques générales
  • Ce quiz a été pris 10 fois
  • Le résultat moyen est 6 sur 16
Statistiques - réponses
Par images Réponse % Correct
Cirilla de Cintra
80%
Ellie Williams
80%
Tifa Lockhart
80%
Ada Wong
60%
Maxine Caulfield
60%
Aloy
50%
Chloé Price
50%
Grace Ashcroft
40%
Kara
40%
Emily Davis
30%
Monica
30%
Jodie Holmes
20%
Amicia de Rune
10%
Kat
10%
Hinako Shimizu
0%
Kairi
0%
Aucun quiz correspondant
Distribution des résultats
% des personnes avec chaque résultat
Percentile par nombre de réponses
Votre historique - résultats
Vous n’avez pas pris ce quiz